Cincinnati Bengals All Time Leaders - Statistics

General Stats
  • This quiz has been taken 141 times
  • The average score is 3 of 8
Answer Stats
Stat Num Answer Years % Correct
ReceivingYards 10,783 Chad Johnson 2001-10
97%
PassingYards 32,838 Ken Anderson 1971-86
85%
RushingYards 8,061 Corey Dillon 1997-03
70%
Interceptions 65 Ken Riley 1969-83
38%
Field GoalsMade 225 Jim Breech 1980-92
10%
Total Points 1,151 Jim Breech 1980-92
10%
Solo Tackles 1,008 Tim Krumrie 1983-94
10%
Sacks 84.5 Eddie Edwards 1977-88
5%
No matching quizzes found
Score Distribution
Percent of People with Each Score
Percentile by Number Answered
Your Score History
You have not taken this quiz